Quizzes
Events
Quiz Creation
Community
Videos
Private Events
Remove Ads
Sign In
Join for FREE
Feedback
Dark Mode
Quiz Categories
Sports
Geography
Music
Movies
Television
Just For Fun
Miscellaneous
History
Literature
Language
Science
Gaming
Entertainment
Religion
Holiday
For Kids
Quiz Lab
Recent
Popular Today
Quiz Kudos Today
Editor Picks
Curator Picks
Quizzes by...
Day
Popularity
Type
Ratings
Length
Year
Community
Subscriptions
Recent Discussions
Orange Saloon
Badges
Playlists
Quests
Create
Leaderboards
Showdown
Live 5
Trivia Bingo
Activity
Puzzle Library
Sporcle Events
Private Events
Virtual Trivia
Globe League
Become a Host
Pub Owners
SporcleCon
Opinionation
Our Games
Videos
Blog
Mobile Apps
Partnerships
Remove Ads and Go Orange
Feedback
Sports
Athletes
MLB
NBA
NHL
NFL
Soccer
Sports Teams
WWE
NCAA
Football
Premier League
Basketball
Baseball
Hockey
Golf
Tennis
Cricket
Rugby
Auto Racing
Olympics
World Cup
Sports
Athletes
MLB
NBA
NHL
NFL
Soccer
Sports Teams
WWE
NCAA
Football
Premier League
Basketball
Baseball
Hockey
Golf
Tennis
Cricket
Rugby
Auto Racing
Olympics
World Cup
Random Quiz
Search Sporcle
×
Quiz Lab
Quiz Lab
Sports
Basketball
Type in answers that appear in a list
Type in answers that appear in a list
Classic
Best Score? Go Orange.
NBA Top 15 In Each Stat (2010's) Stats
Can You Name The NBA Top 15 Players In Each Stat For The 2010's (Combined from 09-10 To 18-19)
By
Cpreacy
7m
91 Questions
2,508 Plays
2,508 Plays
2,508 Plays
Comments
Comments
Give Quiz Kudos
Give Quiz Kudos
-
- Ratings
hide this ad
More Info
Replay
Link that replays current quiz
Next Quiz
Link to next quiz in quiz playlist
You Got
0%
They Got
Avg Score
71%
Avg Friend Score
Upgrade to see
Score Distribution
Jump to the score distribution portion of the page
Score
0/91
Timer
07:00
0
Plays Today
Hint
Player
% Correct
PPG
LeBron James
99.4%
APG
LeBron James
99.4%
SPG
LeBron James
99.4%
WS
LeBron James
99.4%
PPG
Kevin Durant
97.5%
WS
Kevin Durant
97.5%
PPG
James Harden
95.7%
APG
James Harden
95.7%
SPG
James Harden
95.7%
WS
James Harden
95.7%
PPG
Stephen Curry
94.7%
APG
Stephen Curry
94.7%
SPG
Stephen Curry
94.7%
WS
Stephen Curry
94.7%
PPG
Russell Westbrook
94.1%
APG
Russell Westbrook
94.1%
SPG
Russell Westbrook
94.1%
WS
Russell Westbrook
94.1%
APG
Chris Paul
92.9%
SPG
Chris Paul
92.9%
WS
Chris Paul
92.9%
RPG
Andre Drummond
85.8%
BPG
Andre Drummond
85.8%
RPG
DeAndre Jordan
82.8%
BPG
DeAndre Jordan
82.8%
WS
DeAndre Jordan
82.8%
SPG
Kawhi Leonard
82.2%
PPG
Dwyane Wade
81.8%
PPG
Kobe Bryant
81.3%
SPG
Paul George
81%
PPG
Damian Lillard
79.8%
Hint
Player
% Correct
PPG
Blake Griffin
79.8%
APG
Damian Lillard
79.8%
WS
Blake Griffin
79.8%
PPG
Anthony Davis
79.1%
RPG
Anthony Davis
79.1%
BPG
Anthony Davis
79.1%
WS
Anthony Davis
79.1%
RPG
Dwight Howard
77%
BPG
Dwight Howard
77%
WS
Dwight Howard
77%
PPG
Kyrie Irving
76.9%
APG
Kyrie Irving
76.9%
BPG
Tim Duncan
76.3%
APG
Rajon Rondo
76%
SPG
Rajon Rondo
76%
BPG
Marc Gasol
76%
WS
Marc Gasol
76%
RPG
Pau Gasol
76%
BPG
Pau Gasol
76%
PPG
Carmelo Anthony
74.9%
RPG
Kevin Love
71%
WS
Kevin Love
71%
APG
John Wall
67.8%
SPG
John Wall
67.8%
APG
Kyle Lowry
67.6%
WS
Kyle Lowry
67.6%
RPG
Rudy Gobert
67.3%
BPG
Rudy Gobert
67.3%
PPG
DeMarcus Cousins
66.8%
RPG
DeMarcus Cousins
66.8%
BPG
Serge Ibaka
66.3%
Hint
Player
% Correct
PPG
LaMarcus Aldridge
65.1%
WS
LaMarcus Aldridge
65.1%
BPG
Giannis Antetokounmpo
64.2%
PPG
Karl-Anthony Towns
62.6%
RPG
Karl-Anthony Towns
62.6%
BPG
Karl-Anthony Towns
62.6%
SPG
Jimmy Butler
55.4%
WS
Al Horford
54.9%
APG
Deron Williams
54.4%
RPG
Nikola Jokic
53.5%
APG
Mike Conley
53.1%
SPG
Mike Conley
53.1%
RPG
Hassan Whiteside
50.7%
BPG
Hassan Whiteside
50.7%
BPG
Brook Lopez
49.1%
BPG
Robin Lopez
48.9%
RPG
Zach Randolph
44.2%
APG
Jrue Holiday
42.5%
SPG
Jrue Holiday
42.5%
RPG
Joakim Noah
41.6%
BPG
Joakim Noah
41.6%
APG
Jeff Teague
41%
SPG
Thaddeus Young
40.2%
RPG
Tyson Chandler
38%
RPG
Nikola Vucevic
37.6%
SPG
Eric Bledsoe
26.3%
SPG
Trevor Ariza
21.9%
APG
Ty Lawson
17.7%
BPG
Derrick Favors
14.4%
Quiz Playlist
Details
Report
Send in Message
Add To Playlist
More Info:
PPG= Points per game RPG- Rebounds per game APG= Assists per game SPG- Steals per Game BPG= Blocks per game
Classic:
Type in answers that appear in a list
Last Updated: Sep 19, 2019
Quiz Scoreboard
CHALLENGE
Sign Up to Join the Scoreboard
Show All
Scores
Hide
Comments
May contain spoilers
Recently Published
9x9 Crossword: Cartoon Network
by jackfrog10
Miscellaneous
3m
College Basketball Coaching Resumes
by pancakes188
Sports
9m
Billboard Blitz: Fleetwood Mac
by CooCooCachoo
Music
15s
More to Explore
Quiz From the Vault
Featured Blog Post
Where Did the Easter Bunny Come From?
hide this ad
You Might Also Like...
Tags
Basketball Quiz
NBA Quiz
Sports Teams Quiz
NBA All-Star
NBA Draft
NBA MVP
NBA Player
NBA Playoffs
NBA Points
NBA Team Leaders
NBA Teams
Pro Sports
Today's Top Quizzes in Sports
Browse Sports
hide this ad
Today's Top Quizzes in Basketball
Browse Basketball
Top Contributed Quizzes in Sports
1
2022 World Cup Stars
2
Les meilleurs buteurs des matchs entre le PSG et l’OM
3
FIFA Club World Cup Champions
4
Les entraîneurs de l'OM et du PSG au 21e siècle
5
Criteria MLB: Left Handed Sluggers
6
AFC Teams Reveal (Wrong Answers Minefield)
7
2023 MLB Unique Player Accomplishments
8
Players with Multiple 50 Home Run Seasons
9
5-to-1: FBS Animal Nicknames
10
5-to-1: UK Sports Teams
Explore More
Trending Topics
Anime
Crossword
Harry Potter
Kpop
NBA
Marvel
Disney
Song
Puzzle
WWE
Soccer
NFL
The Office
Country
Pokémon
hide this ad
More By:
Cpreacy
Quiz
Plays
Rating
Category
Featured
Created
AEW World Champions
30,187
4.50
Sports
Oct 9, 2019
NBA Top 15 Stat Leaders (2010's)
22,149
4.51
Sports
Sep 18, 2019
NBA Top 15 Playoff Stat Leaders (2010's)
6,203
4.60
Sports
Sep 23, 2019
Team USA Basketball Teams (1992-2016)
6,192
4.92
Sports
Aug 23, 2019
NBA Rookies Top 10 Stat Leaders (2010's)
5,328
4.13
Sports
Oct 5, 2019
Go to Creator's Profile
Score Distribution
Quiz Creator Spotlight
Cpreacy
Follow
Send a Message
Quizzes Created
-
Created Quiz Play Count
-
More By This Creator
Popular Quizzes Today
1
Find the US States - No Outlines Minefield
2
Find the Countries of Europe - No Outlines Minefield
3
The Countries of the World
4
Find the US States
5
Risky Map Clicking: Biggest States A-Z
6
US States
7
Popular People in 1961
8
Movies - When Are They Set?
More Sports Quizzes
American Athletes Speed Sorting
Published
Trending Quizzes
Risky Map Clicking: Least Populous States A-Z
1-10 Letter G Words
1-10 Letter F Words
Risky Map Clicking: Next State Alphabetically
Adjectives in 80s TV Shows
Recently Updated
Leaping Animals
pecheneg
Reality TV Shows (A-Z)
bhenderson79
Rickey Henderson's Hall of Fame Teammates
pecheneg
Champions League XIs: Arsenal
pecheneg
Quick Pick: Celebrities in WWE's Hall of Fame
aduchscher
A-Z Keypad Blitz II
pecheneg
Multiple Oscar Actors
pecheneg
Mystery Phrase Blitz: Oscar 'Best Actors'
pecheneg
F. Scott Fitzgerald Novels
LTH
Pick 3 Villains
ddd62291
Trending Topics
Crossword
Kpop
Anime
NBA
Disney
Harry Potter
Marvel
WWE
Pokémon
The Office
NFL
Puzzle
Song
Soccer
Country
Your Account Isn't Verified!
In order to create a playlist on Sporcle, you need to verify the email address you used during registration. Go to your
Sporcle Settings
to finish the process.
Report this User
Report this user for behavior that violates our
Community Guidelines
.
Details:
Send Report
Go to the Sporcle.com Mobile Site →
Comments